Correct Plurals - Statistics

General Stats
  • This quiz has been taken 115 times
  • The average score is 10 of 15
Answers on the Grid
Answers color-coded by a green-red scale on the quiz's grid according to % correct below.
Children
Boys
Mouses
Persons
Roads
Lessons
Books
Childs
Foots
Tooths
Sheeps
Womans
Men
Fish
Geese
Teeth
Buck
Picture
Questian
Leaves
Wolfs
Knives
Mice
People
Oxes
Cares
Flowers
Mans
Teachers
Doges
 
Answer Stats
Answer % Correct
Children
76%
Men
74%
People
73%
Flowers
71%
Knives
68%
Lessons
67%
Teeth
67%
Geese
65%
Books
64%
Fish
64%
Mice
64%
Boys
62%
Leaves
62%
Roads
62%
Teachers
59%
No matching quizzes found
Score Distribution
Percent of People with Each Score
Percentile by Number Answered
Your Score History
You have not taken this quiz